000
00190nam a2200085Ia 4500
008
120527s9999 xx 000 0 und d
100
_a
Ratliff
245
_a
Mach bands Quantitaive
942
_c
BK
999
_c
27801
_d
27801